000 00591nam a2200181 4500
008 180119b xxu||||| |||| 00| 0 eng d
020 _a0-87893-020-5
082 _21989
_aDC 591.5
_bAl1
100 _925733
_aAlcock, John
245 _aAnimal behavior:
_ban evolutionary approach/
_cJohn Alcock.
250 _aFOURTH EDITION
260 _aMassachusetts:
_bSinauer Associates, Inc.,
_c©1989.
300 _axvii, 596 pages:
_bcolor illustration;
_c25 cm.
500 _aIncludes bibliography and index.
650 0 _925734
_aAnimal behavior
700 _925735
_aAlcock, John
942 _2ddc
_cDC
999 _c8320
_d8320